000 00875cam a22002294a 4500
999 _c4937
_d4937
020 _a0070605807
050 0 0 _aHQ767.9
_b.D44
100 1 _aDeHart, Ganie.
245 1 0 _aChild development :
_bits nature and course /
_cGanie B. DeHart, L. Alan Sroufe, Robert G. Cooper.
250 _a4th ed.
260 _aBoston :
_bMcGraw-Hill,
_c2000.
300 _axxi, 613 p. :
_bill. ;
_c29 cm.
500 _aRev. ed. of: Child development / Alan L. Sroufe. 3rd ed. c1996.
505 _aBeginnings. Heredity and prenatal development. -Infancy. -Toddlerhood. -Early childhood. -Middle childhood. -Adolescence. -Disorders and resiliency. Developmental psychopathology. -Glossary.
650 0 _aChild development.
650 0 _aChild psychology.
650 0 _aAdolescence.
700 1 _aSroufe, L. Alan.
700 1 _aCooper, Robert G.
700 1 _aSroufe, L. Alan.
942 _cBK